000 00636nam a2200277Ia 4500
005 20260324143235.0
008 008 260324s9999 xx 000 0 eng d
020 _a9780203167984
037 _aEBOOK
040 _aCRL
040 _beng
040 _cCRL
041 _2eng
041 _aeng
084 _qCRL
100 _aDavid Denney
_91214915
245 0 _aRacism and Anti-Racism in Probation
260 _bTaylor and Francis
260 _c1992
365 _a
365 _b255
856 _uhttp://www.taylorfrancis.com/books/9780203167984
942 _cEBOOK
999 _c1820059
_d1820059